O geografickém přístupu při zkoumání starých stezek

Titel: O geografickém přístupu při zkoumání starých stezek : Komunikační spoj jako nutný základ při výkladu prehistorického vývoje v informační době
Verfasser:
In: Pravěk, Band 13 (2003), Seite 459-463, 1 obr.
alle Artikel anzeigen
Veröffentlicht: 2003 [2005]
Format: Aufsatz
Sprache: Tschechisch
Kein Bild verfügbar
X
alg: 39170922
001A    $01999:11-11-16 
001B    $01999:25-04-21 $t10:54:08.000 
001C    $06050:19-11-16 $t08:53:06.000 
001D    $01999:11-11-16 
001U    $0utf8 
001X    $00 
002@    $0Aox 
003@    $0391709224 
007A    $0391709224 $aHEB 
007T    $0Herd73177 
010@    $acze 
011@    $a2003 $n2003 [2005] 
021A    $aO geografickém přístupu při zkoumání starých stezek $dKomunikační spoj jako nutný základ při výkladu prehistorického vývoje v informační době 
028A    $aKvět $dRadan 
031A    $d13 $h459-463, 1 obr. $j2003 
037A    $aněm. res. 463: Über das geographische Herangehen bei der Erforschung alter Wege. Die Rolle der Kommunikationen bei der Erläuterung der prähistorischen Entwicklung im Informationszeitalter 
039B    $aIn $8--Abvc--. Pravěk. - Brno {[u.a.] : Ústav Archeologické Památkové Péče Brno, 1903-. - ISSN 1211-8338 $x200300000130000541 $9047306319 
045F    $a330.094371 $eDDC23BSB 
045F/01 $a330.09 
045F/03 $g4371 
045T    $a6,11 $a6,12 

lok: 39170922 78

exp: 39170922 78 1 #EPN
201B/01 $026-11-17 $t00:50:19.000 
201U/01 $0utf8 
203@/01 $0787803936 
208@/01 $a11-11-16 $be 
209A/01 $a/ $f000 $x00 
220C/01 $aTitelaufnehmer: rk;kh 
244Z/01 $#Tschechien $#Tschechische Republik $#Tschechische Republik $#Tschechenland $#Tschechei Tschechien $#Česká Republika $#Czech Republic $#ČR $74303381-7 $8--Tg1--Tschechien $x01 $9086659812 
244Z/01 $2Trx $#Böhmen $#Bohemia $#Czechy $8--Trx--Čechy $x02 $9391188941 
244Z/01 $2Trx $#geograafia, ajalooline $#istorinė geografija $#Geography, historical $#földrajz, történeti $#geografia historyczna $#geografia, historická $#geografie historická $8--Trx--Geographie, historische $x03 $9391353489 
244Z/01 $2Trx $#transiiditeed $#keliai $#routes $#utak $#szlaki komunikacyjne $#dopravné komunikácie $#cesty dopravní $8--Trx--Verkehrswege $x04 $9391375881 
244Z/01 $2Trx $8--Trx--Zeitschriftenaufsatz $x05 $9391384341 
245Z/01 $a09.05 $x01 
247C/01 $82080>Marburg/Lahn, Herder-Institut, Forschungsbibliothek, Bibliographieportal $9336309341
LEADER 00000caa a22000002c 4500
001 391709224
003 DE-603
005 20210425105408.0
007 tu
008 161111s2003 xx |||| | u00||u|cze c
035 |a (DE-599)HEB391709224 
040 |a DE-603  |b ger  |c DE-603  |d DE-603 
041 |a cze 
082 0 4 |8 1\u  |a 330.094371  |q DE-101  |2 23/BSB 
084 |a 6,11  |a 6,12  |2 ssgn 
085 |8 1\u  |b 330.09 
085 |8 1\u  |z 2  |s 4371 
100 1 |a Květ, Radan 
245 0 0 |a O geografickém přístupu při zkoumání starých stezek  |b Komunikační spoj jako nutný základ při výkladu prehistorického vývoje v informační době 
264 0 |c 2003 [2005] 
500 |a něm. res. 463: Über das geographische Herangehen bei der Erforschung alter Wege. Die Rolle der Kommunikationen bei der Erläuterung der prähistorischen Entwicklung im Informationszeitalter 
773 0 8 |i In  |t Pravěk  |d Brno ˜[u.a.] œ: Ústav Archeologické Památkové Péče Brno, 1903-  |x 1211-8338  |g Band 13 (2003), Seite 459-463, 1 obr.  |w (DE-603)047306319  |w (DE-600)209024-7 
924 0 |9 2080  |a (DE-603)787803936  |b DE-2080  |c HES  |d d  |g /